100 Yard Receiving Games by TE's (2024-2025) - Statistics

General Stats
  • This quiz has been taken 33 times
  • The average score is 9 of 13
Answer Stats
Player % Correct
Travis Kelce
93%
George Kittle
90%
Brock Bowers
87%
Jonnu Smith
83%
Sam LaPorta
83%
Trey McBride
83%
T.J. Hockenson
80%
Dallas Goedert
67%
Isaiah Likely
57%
Evan Engram
53%
Mike Gesicki
53%
Cade Otton
50%
Hunter Henry
50%
No matching quizzes found
Score Distribution
Percent of People with Each Score
Percentile by Number Answered
Your Score History
You have not taken this quiz